|
|
|
|
| LEADER |
01080nam a2200253 a 4500 |
| 001 |
4800815 |
| 008 |
091226s1989 maua b 001 0 eng d |
| 010 |
|
|
|a \\\88008142
|
| 020 |
|
|
|a 0205118984
|
| 040 |
|
|
|a DLC
|c DLC
|d DLC
|d BD-DhAAL
|
| 082 |
0 |
0 |
|a 305.3
|2 19
|
| 100 |
1 |
|
|a Renzetti, Claire M.
|
| 245 |
1 |
0 |
|a Women, men, and society :
|b the sociology of gender /
|c Claire M. Renzetti and Daniel J. Curran.
|
| 260 |
|
|
|a Needham Heights, Mass. :
|b Allyn & Bacon,
|c c1989.
|
| 300 |
|
|
|a xvii, 407 p. :
|b ill. ;
|c 24 cm.
|
| 504 |
|
|
|a Includes bibliographical references (p. 359-393) and indexes.
|
| 541 |
1 |
|
|e 00004220
|
| 650 |
|
0 |
|a Sex role
|z United States.
|
| 650 |
|
0 |
|a Women
|z United States
|x Social conditions.
|
| 650 |
|
0 |
|a Women
|x Socialization
|z United States.
|
| 700 |
1 |
|
|a Curran, Daniel J.
|
| 852 |
4 |
|
|a Ayesha Abed Library
|j General shelf
|
| 999 |
|
|
|c 6422
|d 6422
|
| 952 |
|
|
|0 0
|1 0
|2 ddc
|4 0
|6 305_300000000000000_REN_1989
|7 0
|9 6489
|a BRACUL
|b BRACUL
|c GEN
|d 2009-12-26
|g 0.00
|l 5
|m 7
|o 305.3 REN
|p 3010004220
|q 2026-05-21
|r 2026-05-11
|s 2026-05-11
|t 1
|w 2009-12-26
|y BK
|x No price found in the accession register.
|